| 000 | 00851nam a2200241Ia 4500 | ||
|---|---|---|---|
| 003 | OSt | ||
| 005 | 20220923220631.0 | ||
| 006 | a|||||r|||| 00| 0 | ||
| 007 | ta | ||
| 008 | 220922b |||||||| |||| 00| 0 hin d | ||
| 024 | _a188,140 | ||
| 037 | _cTextual | ||
| 040 |
_aARTS _cARTS _bhin |
||
| 041 |
_2hin _ahin |
||
| 082 | _aV3:2'N7, 152L7 | ||
| 100 |
_aजेर्निग्स, आइवर _9156263 |
||
| 245 | 0 | _aब्रिटिश संविधान, अनु ओमप्रकाश गाबा | |
| 246 | _aBriṭish sanvidhāna, anu0 omaprakāsh gābā | ||
| 260 |
_aदिल्ली _b विश्वविद्यालय निदेशालय _c1977 |
||
| 300 |
_a220 पृ. _ccm. |
||
| 942 |
_hV3:2'N7, 152L7 _cTEXL _2CC |
||
| 999 |
_c341216 _d341216 |
||